[Event "Mittelfrank Regionalliga Nord-West 2223"]
[Site "Mittelfranken"]
[Date "2023.03.19"]
[Round "8.5"]
[White "Soeder, Thomas"]
[Black "Link, Robert"]
[Result "1-0"]
[WhiteElo "2057"]
[BlackElo "1835"]
[PlyCount "51"]
[EventDate "2022.10.09"]
[EventType "team-tourn"]
[EventRounds "9"]
[EventCountry "GER"]
[SourceTitle "EXT 2024"]
[Source "ChessBase"]
[SourceDate "2023.10.10"]
[SourceVersion "1"]
[SourceVersionDate "2023.10.10"]
[SourceQuality "1"]
[WhiteTeam "Bad Neustadt"]
[BlackTeam "Klingenberg"]
[WhiteTeamCountry "GER"]
[BlackTeamCountry "GER"]

1. d4 d5 2. Nf3 Nf6 3. Bf4 c5 4. c3 Nc6 5. e3 Qb6 6. Qb3 c4 7. Qxb6 axb6 8. Na3 Ra5 9. Bc7 Nd7 10. e4 e6 11. Nc2 Be7 12. exd5 exd5 13. Ne3 0-0 14. Be2 Bd8 15. Bxd8 Rxd8 16. 0-0 Nf6 17. Ne5 Be6 18. f4 Rda8 19. a3 Re8 20. Bf3 g6 21. Rae1 Nd7 22. Nxd7 Bxd7 23. Nxd5 Rxe1 24. Rxe1 Bf5 25. Nxb6 Bd3 26. d5 1-0

[Event "Mittelfrank Regionalliga Nord-West 2223"]
[Site "Mittelfranken"]
[Date "2023.02.05"]
[Round "6.5"]
[White "Soeder, Thomas"]
[Black "Hiernickel, Alexander"]
[Result "1-0"]
[WhiteElo "2057"]
[BlackElo "1852"]
[PlyCount "117"]
[EventDate "2022.10.09"]
[EventType "team-tourn"]
[EventRounds "9"]
[EventCountry "GER"]
[SourceTitle "EXT 2024"]
[Source "ChessBase"]
[SourceDate "2023.10.10"]
[SourceVersion "1"]
[SourceVersionDate "2023.10.10"]
[SourceQuality "1"]
[WhiteTeam "Bad Neustadt"]
[BlackTeam "Rottendorf"]
[WhiteTeamCountry "GER"]
[BlackTeamCountry "GER"]

1. d4 d5 2. Nf3 Nf6 3. Bf4 e6 4. e3 Bd6 5. Ne5 0-0 6. Nd2 c5 7. c3 Nc6 8. Bd3 Qc7 9. Ndf3 b6 10. Bg3 Bb7 11. Qe2 Ne7 12. Nd2 Nf5 13. Ng4 Ne4 14. Bxd6 Nfxd6 15. 0-0 f6 16. f3 Nxd2 17. Qxd2 Rae8 18. f4 Re7 19. Rac1 Rfe8 20. Qc2 Ne4 21. Nf2 e5 22. dxe5 fxe5 23. Nxe4 dxe4 24. Bc4+ Kh8 25. f5 Rf8 26. Be6 Ba6 27. c4 Bb7 28. Bd5 Bxd5 29. cxd5 Qd6 30. Qxe4 Rd8 31. Rcd1 Qf6 32. Rd2 Red7 33. Rfd1 Rd6 34. Qg4 R8d7 35. e4 Rd8 36. Rd3 R8d7 37. Qh5 Qf7 38. Qxf7 Rxf7 39. Ra3 Kg8 40. Rdd3 Re7 41. Ra6 Kf7 42. Rh3 Kg8 43. a4 Red7 44. Kf2 Rf6 45. Ke2 g6 46. g4 gxf5 47. gxf5 Kg7 48. Kd3 Rh6 49. Rxh6 Kxh6 50. a5 Rd6 51. Rxa7 b5 52. Rb7 c4+ 53. Kc3 Kg5 54. Rb6 Rd8 55. a6 Kf4 56. d6 Kxe4 57. a7 Ra8 58. d7 Kf3 59. Rb8 1-0

[Event "Mittelfrank Regionalliga Nord-West 2223"]
[Site "Mittelfranken"]
[Date "2022.12.11"]
[Round "4.4"]
[White "Brunsch, Michael"]
[Black "Soeder, Thomas"]
[Result "1-0"]
[WhiteElo "1955"]
[BlackElo "2057"]
[PlyCount "115"]
[EventDate "2022.10.09"]
[EventType "team-tourn"]
[EventRounds "9"]
[EventCountry "GER"]
[SourceTitle "EXT 2024"]
[Source "ChessBase"]
[SourceDate "2023.10.10"]
[SourceVersion "1"]
[SourceVersionDate "2023.10.10"]
[SourceQuality "1"]
[WhiteTeam "Hoechstadt/Aisch"]
[BlackTeam "Bad Neustadt"]
[WhiteTeamCountry "GER"]
[BlackTeamCountry "GER"]

1. e4 e5 2. Nf3 Nc6 3. Bc4 Be7 4. 0-0 Nf6 5. Re1 0-0 6. d4 d6 7. h3 a6 8. a4 Nd7 9. d5 Na5 10. Bd3 b6 11. b4 Nb7 12. Nbd2 a5 13. c3 Nf6 14. Nf1 Bd7 15. b5 Nc5 16. Bc2 Ne8 17. Ng3 g6 18. Bh6 Ng7 19. Qd2 f6 20. Nh2 Rf7 21. c4 Ne8 22. Ra3 Bf8 23. Bxf8 Rxf8 24. f4 exf4 25. Qxf4 Qe7 26. Rae3 Ng7 27. Ne2 Nh5 28. Qf2 Rae8 29. g4 Ng7 30. Ng3 Qe5 31. Rf3 f5 32. Rf1 f4 33. Rxf4 Rxf4 34. Qxf4 Qxf4 35. Rxf4 Re7 36. h4 Ne8 37. g5 Bc8 38. Kf2 Nd7 39. Nf3 Ne5 40. Nxe5 dxe5 41. Rf3 Bg4 42. Rc3 Rf7+ 43. Kg2 Nd6 44. c5 bxc5 45. Rxc5 Bf3+ 46. Kh3 Kf8 47. Rc6 Ne8 48. Ra6 Rf4 49. Rxa5 Bg4+ 50. Kg2 Bf3+ 51. Kg1 Rxh4 52. Ra6 Nd6 53. Rc6 Nxe4 54. Bxe4 Bxe4 55. Nxe4 Rxe4 56. Rxc7 Rxa4 57. b6 Rb4 58. b7 1-0

[Event "Mittelfrank Regionalliga Nord-West 2122"]
[Site "Mittelfranken"]
[Date "2021.10.24"]
[Round "1.2"]
[White "Soeder, Thomas"]
[Black "Lorenz, Mark"]
[Result "0-1"]
[WhiteElo "2043"]
[BlackElo "2146"]
[PlyCount "76"]
[EventDate "2021.10.24"]
[EventType "team-tourn"]
[EventRounds "9"]
[EventCountry "GER"]
[SourceTitle "EXT 2024"]
[Source "ChessBase"]
[SourceDate "2023.10.10"]
[SourceVersion "1"]
[SourceVersionDate "2023.10.10"]
[SourceQuality "1"]
[WhiteTeam "Bad Neustadt"]
[BlackTeam "Marktleuthen"]
[WhiteTeamCountry "GER"]
[BlackTeamCountry "GER"]

1. d4 Nf6 2. Nf3 e6 3. Bg5 c5 4. c3 b6 5. Nbd2 Bb7 6. e3 Be7 7. Bd3 Nc6 8. 0-0 h6 9. Bf4 g5 10. Bg3 Nh5 11. Ne5 Nxg3 12. Nxc6 Bxc6 13. hxg3 h5 14. Nf3 d6 15. e4 Qd7 16. dxc5 bxc5 17. Qe2 Rb8 18. Rab1 Bf6 19. Nh2 g4 20. f3 gxf3 21. Nxf3 Rg8 22. Nh2 Qe7 23. Qxh5 Rxg3 24. Ng4 Bg7 25. Rf3 Rxf3 26. gxf3 Kd7 27. Qh2 Qg5 28. Qg2 Rg8 29. f4 Qh4 30. Kf1 f5 31. Nf2 Bd4 32. cxd4 Rxg2 33. Kxg2 Qxf4 34. d5 exd5 35. exf5 c4 36. Bc2 d4+ 37. Kf1 d3 38. Bd1 Qg3 0-1

[Event "Regionalliga Nord-West 1819"]
[Site "Bayern"]
[Date "2019.02.03"]
[Round "6.3"]
[White "Wolf, Pablo"]
[Black "Soeder, Thomas"]
[Result "1/2-1/2"]
[WhiteElo "1938"]
[BlackElo "2045"]
[PlyCount "24"]
[EventDate "2018.10.21"]
[EventType "team-tourn"]
[EventRounds "9"]
[EventCountry "GER"]
[SourceTitle "EXT 2022"]
[Source "ChessBase"]
[SourceDate "2021.10.06"]
[SourceVersion "1"]
[SourceVersionDate "2021.10.06"]
[SourceQuality "1"]
[WhiteTeam "Bamberg SC II"]
[BlackTeam "Bad Neustadt"]
[WhiteTeamCountry "GER"]
[BlackTeamCountry "GER"]

1. e4 e6 2. Qe2 c5 3. Nf3 Nc6 4. g3 Be7 5. Bg2 d6 6. 0-0 Nf6 7. c3 0-0 8. d3 Bd7 9. Re1 Rc8 10. Nbd2 a6 11. h3 b5 12. d4 cxd4 1/2-1/2

[Event "Regionalliga Nord-West 1819"]
[Site "Bayern"]
[Date "2019.01.20"]
[Round "5.4"]
[White "Kirschneck, Toralf"]
[Black "Soeder, Thomas"]
[Result "0-1"]
[WhiteElo "2042"]
[BlackElo "2045"]
[PlyCount "140"]
[EventDate "2018.10.21"]
[EventType "team-tourn"]
[EventRounds "9"]
[EventCountry "GER"]
[SourceTitle "EXT 2022"]
[Source "ChessBase"]
[SourceDate "2021.10.06"]
[SourceVersion "1"]
[SourceVersionDate "2021.10.06"]
[SourceQuality "1"]
[WhiteTeam "Marktleuthen"]
[BlackTeam "Bad Neustadt"]
[WhiteTeamCountry "GER"]
[BlackTeamCountry "GER"]

1. d4 Nf6 2. c4 e5 3. dxe5 Ng4 4. Nf3 Bb4+ 5. Bd2 Qe7 6. e3 Nxe5 7. Be2 Nbc6 8. Nc3 Nxf3+ 9. Bxf3 Ne5 10. Be2 d6 11. 0-0 Bxc3 12. Bxc3 0-0 13. Qd4 f6 14. Rad1 b6 15. f4 Nf7 16. Bf3 Rb8 17. Rde1 Bb7 18. e4 Rbd8 19. g4 h6 20. Bd1 Rfe8 21. Bc2 Qd7 22. Re3 c5 23. Qd3 Qc6 24. Rfe1 Re7 25. Qd1 a6 26. h3 b5 27. b3 Rde8 28. Qd3 Kf8 29. Kh2 Qc7 30. Rf1 Bc6 31. Kg3 Bxe4 32. Qd2 bxc4 33. bxc4 Bxc2 34. Rxe7 Qxe7 35. Qxc2 Qe3+ 36. Rf3 Qe4 37. Qa4 d5 38. Qc6 Qxc4 39. Ba5 Qb5 40. Qc7 Re7 41. Qc8+ Re8 42. Qc7 Kg8 43. Rb3 Qe2 44. Rb8 Qe3+ 45. Kg2 c4 46. a4 g5 47. f5 Kg7 48. Rxe8 Qxe8 49. Qc5 Qe2+ 50. Kg1 Qd1+ 51. Kg2 Qd2+ 52. Kg1 Qd1+ 53. Kg2 Qxa4 54. Bb4 Qe8 55. Qxd5 Qb5 56. Qd2 Ne5 57. Bc3 Qc6+ 58. Kg3 Qf3+ 59. Kh2 Qd3 60. Qb2 Qd6 61. Kg2 Qc6+ 62. Kh2 Qc7 63. Kg2 Kf7 64. Kf1 Nd3 65. Qe2 Qf4+ 66. Kg2 Qd6 67. Qe4 Nf4+ 68. Kh2 Ne2+ 69. Kg2 Nxc3 70. Qxc4+ Qd5+ 0-1

[Event "Regionalliga Nord-West 1819"]
[Site "Bayern"]
[Date "2018.11.11"]
[Round "2.4"]
[White "Soeder, Thomas"]
[Black "Rebhan, Gilbert Andre"]
[Result "1/2-1/2"]
[WhiteElo "2045"]
[BlackElo "1965"]
[PlyCount "74"]
[EventDate "2018.10.21"]
[EventType "team-tourn"]
[EventRounds "9"]
[EventCountry "GER"]
[SourceTitle "EXT 2022"]
[Source "ChessBase"]
[SourceDate "2021.10.06"]
[SourceVersion "1"]
[SourceVersionDate "2021.10.06"]
[SourceQuality "1"]
[WhiteTeam "Bad Neustadt"]
[BlackTeam "Kronach"]
[WhiteTeamCountry "GER"]
[BlackTeamCountry "GER"]

1. d4 d6 2. e4 Nf6 3. Nc3 e5 4. Nf3 Nbd7 5. Bc4 Be7 6. Bxf7+ Kxf7 7. Ng5+ Kg8 8. Ne6 Qe8 9. Nxc7 Qg6 10. Nxa8 Qxg2 11. Rf1 exd4 12. Qxd4 Ne5 13. f3 Nfg4 14. Qd5+ Nf7 15. Bf4 Nxh2 16. 0-0-0 Nxf1 17. Qb5 g5 18. Nd5 Bd8 19. Ne3 Nxe3 20. Bxe3 Bf6 21. Bxa7 h5 22. Rg1 Qh2 23. Nc7 Qe5 24. Nd5 Kf8 25. c3 Rh6 26. Qa4 Bd8 27. Bd4 Qe8 28. Qa8 Be6 29. Qxb7 Bxd5 30. Qxd5 h4 31. f4 h3 32. fxg5 Bxg5+ 33. Rxg5 Nxg5 34. Qxg5 Rg6 35. Qf5+ Qf7 36. Qc8+ Qe8 37. Qf5+ Qf7 1/2-1/2

[Event "Regionalliga Nord-West 1718"]
[Site "Bayern"]
[Date "2018.04.15"]
[Round "9.2"]
[White "Hertel, Hans"]
[Black "Soeder, Thomas"]
[Result "0-1"]
[WhiteElo "1946"]
[BlackElo "2020"]
[PlyCount "70"]
[EventDate "2017.10.22"]
[EventType "team-tourn"]
[EventRounds "9"]
[EventCountry "GER"]
[SourceTitle "EXT 2022"]
[Source "ChessBase"]
[SourceDate "2021.10.06"]
[SourceVersion "1"]
[SourceVersionDate "2021.10.06"]
[SourceQuality "1"]
[WhiteTeam "Hof PTSV"]
[BlackTeam "Bad Neustadt"]
[WhiteTeamCountry "GER"]
[BlackTeamCountry "GER"]

1. d4 Nf6 2. Bg5 d5 3. e3 Bf5 4. Bd3 Bxd3 5. Qxd3 c6 6. Nd2 Nbd7 7. f4 e6 8. Ngf3 Be7 9. 0-0 0-0 10. Bxf6 Nxf6 11. Ng5 c5 12. c3 Qc7 13. Rf3 h6 14. Nh3 Ng4 15. Nf2 Nxf2 16. Kxf2 b5 17. Rc1 c4 18. Qe2 f5 19. Kg1 a5 20. g4 b4 21. Rg3 a4 22. Qd1 a3 23. b3 bxc3 24. Rxc3 Qa5 25. Rc2 Bb4 26. gxf5 exf5 27. bxc4 Bxd2 28. Rxd2 dxc4 29. Rc2 Qd5 30. Rcg2 Ra7 31. Qh5 Rf6 32. Rg6 Rxg6 33. Qxg6 Qe4 34. Rg3 Rb7 35. h4 Rb1+ 0-1

[Event "Regionalliga Nord-West 1718"]
[Site "Bayern"]
[Date "2018.01.21"]
[Round "5.2"]
[White "Stauch, Edgar"]
[Black "Soeder, Thomas"]
[Result "1/2-1/2"]
[WhiteElo "2053"]
[BlackElo "2020"]
[PlyCount "38"]
[EventDate "2017.10.22"]
[EventType "team-tourn"]
[EventRounds "9"]
[EventCountry "GER"]
[SourceTitle "EXT 2022"]
[Source "ChessBase"]
[SourceDate "2021.10.06"]
[SourceVersion "1"]
[SourceVersionDate "2021.10.06"]
[SourceQuality "1"]
[WhiteTeam "Kronach"]
[BlackTeam "Bad Neustadt"]
[WhiteTeamCountry "GER"]
[BlackTeamCountry "GER"]

1. c4 Nf6 2. Nc3 e5 3. g3 Nc6 4. Bg2 d6 5. d3 Be7 6. Rb1 0-0 7. b4 Re8 8. b5 Nd4 9. e3 Ne6 10. Nge2 Nc5 11. 0-0 Bf5 12. e4 Bg4 13. h3 Bd7 14. f4 c6 15. a4 h6 16. Be3 Ne6 17. f5 Nc5 18. g4 Nh7 19. Kh1 Bg5 1/2-1/2

[Event "Regionalliga Nord-West 1718"]
[Site "Bayern"]
[Date "2017.12.10"]
[Round "4.2"]
[White "Soeder, Thomas"]
[Black "Koeniger, Matthias"]
[Result "1/2-1/2"]
[WhiteElo "2020"]
[BlackElo "2053"]
[PlyCount "34"]
[EventDate "2017.10.22"]
[EventType "team-tourn"]
[EventRounds "9"]
[EventCountry "GER"]
[SourceTitle "EXT 2022"]
[Source "ChessBase"]
[SourceDate "2021.10.06"]
[SourceVersion "1"]
[SourceVersionDate "2021.10.06"]
[SourceQuality "1"]
[WhiteTeam "Bad Neustadt"]
[BlackTeam "Rottendorf"]
[WhiteTeamCountry "GER"]
[BlackTeamCountry "GER"]

1. d4 Nf6 2. Nf3 d5 3. e3 Bg4 4. c4 c6 5. Qb3 Qb6 6. Qxb6 axb6 7. Nc3 e6 8. Ne5 Bf5 9. cxd5 exd5 10. Bd3 Bxd3 11. Nxd3 Na6 12. 0-0 Nb4 13. Nxb4 Bxb4 14. Bd2 Kd7 15. a3 Bxc3 16. Bxc3 Rhe8 17. Rac1 Ne4 1/2-1/2

[Event "Regionalliga Nord-West 1718"]
[Site "Bayern"]
[Date "2017.11.12"]
[Round "2.2"]
[White "Grod, Andreas"]
[Black "Soeder, Thomas"]
[Result "0-1"]
[WhiteElo "2029"]
[BlackElo "2020"]
[PlyCount "70"]
[EventDate "2017.10.22"]
[EventType "team-tourn"]
[EventRounds "9"]
[EventCountry "GER"]
[SourceTitle "EXT 2022"]
[Source "ChessBase"]
[SourceDate "2021.10.06"]
[SourceVersion "1"]
[SourceVersionDate "2021.10.06"]
[SourceQuality "1"]
[WhiteTeam "Sailauf"]
[BlackTeam "Bad Neustadt"]
[WhiteTeamCountry "GER"]
[BlackTeamCountry "GER"]

1. e4 c6 2. d4 d5 3. e5 Bf5 4. Nf3 e6 5. Be2 c5 6. 0-0 Nc6 7. c3 Nge7 8. Nbd2 Ng6 9. Nb3 c4 10. Nbd2 Nf4 11. Re1 Nxe2+ 12. Qxe2 Be7 13. Nf1 g5 14. Ng3 Bd3 15. Qd1 g4 16. Nd2 h5 17. Ngf1 Kd7 18. Ne3 b5 19. f3 f5 20. exf6 Bd6 21. fxg4 Qxf6 22. Nf3 hxg4 23. Nxg4 Qg6 24. Nfe5+ Nxe5 25. dxe5 Be7 26. Bf4 Rag8 27. Ne3 Bc5 28. Qd2 Rh4 29. Bg3 Re4 30. Kh1 Qh5 31. Qf2 Rf8 32. Qd2 Qg5 33. Nxc4 Qxg3 34. Rxe4 Rh8 35. h3 Rxh3+ 0-1

[Event "Regionalliga NW 1617"]
[Site "Bayern"]
[Date "2017.02.05"]
[Round "5.4"]
[White "Soeder, Thomas"]
[Black "Deissenberger, Thomas"]
[Result "1-0"]
[WhiteElo "2014"]
[BlackElo "1923"]
[PlyCount "103"]
[EventDate "2016.10.16"]
[EventType "team-tourn"]
[EventRounds "9"]
[EventCountry "GER"]
[SourceTitle "EXT 2019"]
[Source "ChessBase"]
[SourceDate "2018.10.10"]
[SourceVersion "1"]
[SourceVersionDate "2018.10.10"]
[SourceQuality "1"]
[WhiteTeam "Bad Neustadt"]
[BlackTeam "Stetten"]
[WhiteTeamCountry "GER"]
[BlackTeamCountry "GER"]

1. d4 Nf6 2. Nf3 d6 3. c4 g6 4. Nc3 Bg7 5. e4 0-0 6. Be2 c6 7. 0-0 Na6 8. h3 Nc7 9. Qc2 d5 10. cxd5 cxd5 11. e5 Nd7 12. Bf4 Nb6 13. b3 Ne6 14. Be3 Bd7 15. Qd2 Rc8 16. a4 a5 17. Rfc1 Bc6 18. Nb5 Nd7 19. Na7 Rb8 20. Rxc6 bxc6 21. Nxc6 Qb6 22. Nxb8 Nxb8 23. b4 Qxb4 24. Qxb4 axb4 25. Rb1 Nc6 26. Bb5 Ned8 27. Bd2 f6 28. Rc1 b3 29. Bxc6 b2 30. Bxd5+ e6 31. Rb1 exd5 32. exf6 Rxf6 33. Rxb2 Nc6 34. Rb5 Rd6 35. Bf4 Rd7 36. Ne5 Nxe5 37. Bxe5 Bxe5 38. dxe5 Kf7 39. f4 h5 40. Kf2 d4 41. Rb6 Ra7 42. Rb4 Rd7 43. Ke2 d3+ 44. Kd2 h4 45. a5 Ke6 46. a6 Ra7 47. Ra4 g5 48. fxg5 Kxe5 49. Kxd3 Kf5 50. Ra5+ Kf4 51. g6 Kg3 52. Rg5+ 1-0

[Event "Regionalliga NW 1516"]
[Site "Bayern"]
[Date "2015.11.15"]
[Round "3.4"]
[White "Susallek, Markus"]
[Black "Soeder, Thomas"]
[Result "0-1"]
[WhiteElo "1921"]
[BlackElo "2024"]
[PlyCount "46"]
[EventDate "2015.10.11"]
[EventType "team-tourn"]
[EventRounds "9"]
[EventCountry "GER"]
[SourceTitle "EXT 2018"]
[Source "ChessBase"]
[SourceDate "2017.10.13"]
[SourceVersion "1"]
[SourceVersionDate "2017.10.13"]
[SourceQuality "1"]
[WhiteTeam "Moembris"]
[BlackTeam "Bad Neustadt"]
[WhiteTeamCountry "GER"]
[BlackTeamCountry "GER"]

1. e4 e5 2. Nc3 Nc6 3. f4 exf4 4. Nf3 g5 5. Bc4 g4 6. 0-0 gxf3 7. Qxf3 Qf6 8. Nd5 Qd4+ 9. Kh1 Bd6 10. d3 Nge7 11. Bxf4 Nxd5 12. Bxd6 cxd6 13. Qxf7+ Kd8 14. c3 Qe5 15. exd5 Ne7 16. Rae1 Qg5 17. Rf6 Ng6 18. Qg7 Kc7 19. Rxg6 Re8 20. Rf1 Qxg6 21. Qd4 b6 22. Bb3 Ba6 23. Rd1 Qxd3 0-1

[Event "Regionalliga NW 1314"]
[Site "Bayern"]
[Date "2013.10.13"]
[Round "1.3"]
[White "Soeder, Thomas"]
[Black "Kunz, Konstantin"]
[Result "1/2-1/2"]
[WhiteElo "2051"]
[BlackElo "2135"]
[PlyCount "176"]
[EventDate "2013.10.13"]
[EventType "team-tourn"]
[EventRounds "9"]
[EventCountry "GER"]
[SourceTitle "EXT 2015"]
[Source "ChessBase"]
[SourceDate "2014.11.20"]
[SourceVersion "1"]
[SourceVersionDate "2014.11.20"]
[SourceQuality "1"]
[WhiteTeam "Bad Neustadt"]
[BlackTeam "Kitzingen"]
[WhiteTeamCountry "GER"]
[BlackTeamCountry "GER"]

1. d4 Nf6 2. c4 e6 3. Nf3 Bb4+ 4. Bd2 Qe7 5. a3 Bxd2+ 6. Nbxd2 d6 7. e4 e5 8. d5 0-0 9. Be2 a5 10. 0-0 a4 11. Ne1 Nbd7 12. Nd3 b6 13. Qc2 Nc5 14. Nxc5 bxc5 15. b4 axb3 16. Qxb3 Bd7 17. Rfb1 Rfc8 18. Qd3 Qd8 19. Bd1 g6 20. Nf1 Rcb8 21. Ne3 Rb6 22. Rxb6 cxb6 23. Bc2 Nh5 24. g3 Ra6 25. Bd1 Nf6 26. f4 Qe7 27. Bf3 Bc8 28. Re1 Bd7 29. f5 g5 30. Ng4 Nxg4 31. Bxg4 f6 32. Re3 Ra5 33. Qc3 Qd8 34. Be2 b5 35. h4 h6 36. Kg2 Qa8 37. hxg5 hxg5 38. g4 bxc4 39. Rh3 Kg7 40. Qc1 c3 41. Qh1 Qg8 42. Rh6 Be8 43. Rh3 Rxa3 44. Qb1 c2 45. Qxc2 Rxh3 46. Kxh3 Qf7 47. Kg2 Qb7 48. Qa2 Qb4 49. Qa7+ Bf7 50. Bf3 Qd2+ 51. Kf1 c4 52. Qf2 Qb4 53. Bd1 c3 54. Bc2 Qb2 55. Bd3 Qc1+ 56. Kg2 Qf4 57. Qe2 Be8 58. Bc2 Kf7 59. Qf3 Qd2+ 60. Qf2 Bb5 61. Qxd2 cxd2 62. Kf3 Bd3 63. Bd1 Bb1 64. Ke3 Ke7 65. Bf3 Kd7 66. Kxd2 Kc7 67. Ke3 Kb6 68. Bd1 Kc5 69. Be2 Bc2 70. Bf3 Kc4 71. Be2+ Kc3 72. Bf3 Bd3 73. Bd1 Bf1 74. Bf3 Bh3 75. Be2 Bg2 76. Bd1 Bh1 77. Be2 Kc2 78. Bd3+ Kd1 79. Be2+ Ke1 80. Bd3 Bg2 81. Bc4 Kd1 82. Be2+ Kc2 83. Bd3+ Kc3 84. Be2 Bh3 85. Kf3 Kd2 86. Bb5 Ke1 87. Kg3 Bf1 88. Bxf1 Kxf1 1/2-1/2

[Event "Regionalliga NW 1213"]
[Site "Bayern"]
[Date "2012.10.14"]
[Round "1.4"]
[White "Soeder, Thomas"]
[Black "Dirks, Martin"]
[Result "1-0"]
[WhiteElo "2044"]
[BlackElo "1912"]
[PlyCount "51"]
[EventDate "2012.10.14"]
[EventType "team-tourn"]
[EventRounds "9"]
[EventCountry "GER"]
[SourceTitle "EXT 2015"]
[Source "ChessBase"]
[SourceDate "2014.11.20"]
[SourceVersion "1"]
[SourceVersionDate "2014.11.20"]
[SourceQuality "1"]
[WhiteTeam "Bad Neustadt"]
[BlackTeam "Rottendorf"]
[WhiteTeamCountry "GER"]
[BlackTeamCountry "GER"]

1. d4 Nf6 2. Nf3 c5 3. d5 g6 4. Nc3 d6 5. e4 Bg7 6. Be2 0-0 7. 0-0 b6 8. Bf4 Nh5 9. Be3 Nd7 10. a4 a6 11. Qd2 Bb7 12. Bh6 Nhf6 13. h3 Ne8 14. Bxg7 Kxg7 15. Nh2 Rh8 16. Ng4 h5 17. Ne3 e5 18. dxe6 fxe6 19. f4 Ndf6 20. f5 Bxe4 21. fxe6 Bb7 22. Ncd5 Ra7 23. Nf5+ gxf5 24. Qg5+ Kh7 25. Qxf5+ Kh6 26. Qf4+ 1-0

[Event "Regionalliga NW 1112"]
[Site "Bayern"]
[Date "2012.02.26"]
[Round "7.2"]
[White "Soeder, Thomas"]
[Black "Wunder, Stefan"]
[Result "0-1"]
[WhiteElo "2052"]
[BlackElo "2025"]
[PlyCount "94"]
[EventDate "2011.10.02"]
[EventType "team-tourn"]
[EventRounds "9"]
[EventCountry "GER"]
[SourceTitle "EXT 2015"]
[Source "ChessBase"]
[SourceDate "2014.11.20"]
[SourceVersion "1"]
[SourceVersionDate "2014.11.20"]
[SourceQuality "1"]
[WhiteTeam "Bad Neustadt"]
[BlackTeam "Nordhalben"]
[WhiteTeamCountry "GER"]
[BlackTeamCountry "GER"]

1. Nf3 c5 2. g3 g6 3. Bg2 Bg7 4. 0-0 Nc6 5. c4 d6 6. Nc3 e6 7. e4 Nge7 8. d3 0-0 9. Be3 Nd4 10. Qd2 Nec6 11. Bh6 Nxf3+ 12. Bxf3 Ne5 13. Be2 Bxh6 14. Qxh6 f5 15. Qe3 Nc6 16. f4 Nd4 17. Rad1 a6 18. Bf3 b5 19. e5 Rb8 20. cxb5 axb5 21. exd6 Qxd6 22. Bg2 Rd8 23. Rf2 b4 24. Ne2 Kf7 25. Nxd4 cxd4 26. Qc1 Bd7 27. Rc2 b3 28. axb3 Rxb3 29. Rc7 Kg8 30. Qc4 Rb4 31. Qc1 Rdb8 32. Rd2 Rb3 33. h4 h5 34. Kh2 Be8 35. Ra7 Qb6 36. Re7 Kf8 37. Rc7 Qd6 38. Rc8 Rxc8 39. Qxc8 Rb8 40. Qc2 Qb4 41. Re2 Qd6 42. Qc4 Bd7 43. Qa2 Rc8 44. Bb7 Rc1 45. Qa8+ Kg7 46. Qd8 Bc6 47. Qxd6 Rh1# 0-1

[Event "Regionalliga NW 1112"]
[Site "Bayern"]
[Date "2012.01.15"]
[Round "5.2"]
[White "Urytskyy, Arkadiy"]
[Black "Soeder, Thomas"]
[Result "1-0"]
[WhiteElo "2096"]
[BlackElo "2052"]
[PlyCount "77"]
[EventDate "2011.10.02"]
[EventType "team-tourn"]
[EventRounds "9"]
[EventCountry "GER"]
[SourceTitle "EXT 2013"]
[Source "ChessBase"]
[SourceDate "2012.11.22"]
[SourceVersion "1"]
[SourceVersionDate "2012.11.22"]
[SourceQuality "1"]
[WhiteTeam "Kirchenlaibach"]
[BlackTeam "Bad Neustadt"]
[WhiteTeamCountry "GER"]
[BlackTeamCountry "GER"]

1. Nf3 Nf6 2. c4 e6 3. g3 d5 4. b3 Be7 5. Bg2 0-0 6. d3 c5 7. Bb2 Nc6 8. cxd5 exd5 9. 0-0 d4 10. Nbd2 Be6 11. Ng5 Bd5 12. Nge4 Nxe4 13. Bxe4 f5 14. Bxd5+ Qxd5 15. Qc2 b5 16. Rac1 Nb4 17. Qb1 f4 18. Ba3 fxg3 19. hxg3 Rf6 20. Ne4 Rh6 21. Kg2 Qf5 22. Rh1 Rxh1 23. Rxh1 Nd5 24. Qc2 b4 25. Bb2 Nc3 26. Bxc3 bxc3 27. Qc1 a5 28. Qa3 a4 29. bxa4 Qe6 30. a5 c4 31. Qa4 cxd3 32. exd3 Qd5 33. a6 Ra7 34. Rb1 Qa8 35. Qxd4 Rxa6 36. Qc4+ Kf8 37. Qxc3 Rxa2 38. Qc7 Qd5 39. Rb7 1-0

[Event "Regionalliga NW 1112"]
[Site "Bayern"]
[Date "2011.12.11"]
[Round "4.2"]
[White "Soeder, Thomas"]
[Black "Kuhn, Norbert"]
[Result "0-1"]
[WhiteElo "2052"]
[BlackElo "2044"]
[PlyCount "62"]
[EventDate "2011.10.02"]
[EventType "team-tourn"]
[EventRounds "9"]
[EventCountry "GER"]
[SourceTitle "EXT 2013"]
[Source "ChessBase"]
[SourceDate "2012.11.22"]
[SourceVersion "1"]
[SourceVersionDate "2012.11.22"]
[SourceQuality "1"]
[WhiteTeam "Bad Neustadt"]
[BlackTeam "Wuerzburg II"]
[WhiteTeamCountry "GER"]
[BlackTeamCountry "GER"]

1. d4 d5 2. Nf3 e6 3. c4 Nf6 4. Bg5 c6 5. e3 Nbd7 6. Nc3 Qa5 7. Bxf6 Nxf6 8. Qc2 Bb4 9. Nd2 Bd6 10. c5 Be7 11. f4 Ng4 12. Ke2 f6 13. h3 Nh6 14. Kf2 e5 15. Bd3 Be6 16. a3 Qc7 17. g3 g5 18. f5 e4 19. Bxe4 dxe4 20. fxe6 0-0-0 21. Ndxe4 f5 22. Nd6+ Bxd6 23. cxd6 Qxd6 24. d5 f4 25. g4 fxe3+ 26. Kxe3 Kb8 27. Rae1 cxd5 28. Kd3 d4 29. Nb5 Qg3+ 30. Ke4 a6 31. Qd2 Rhe8 0-1

[Event "Regionalliga NW 1011"]
[Site "Bayern"]
[Date "2011.02.27"]
[Round "7.5"]
[White "Soeder, Thomas"]
[Black "Hanft, Michael"]
[Result "1-0"]
[WhiteElo "2008"]
[BlackElo "1990"]
[PlyCount "55"]
[EventDate "2010.10.10"]
[EventType "team-tourn"]
[EventRounds "9"]
[EventCountry "GER"]
[SourceTitle "EXT 2012"]
[Source "ChessBase"]
[SourceDate "2011.11.24"]
[SourceVersion "1"]
[SourceVersionDate "2011.11.24"]
[SourceQuality "1"]
[WhiteTeam "Bad Neustadt"]
[BlackTeam "Kitzingen"]
[WhiteTeamCountry "GER"]
[BlackTeamCountry "GER"]

1. d4 Nf6 2. c4 g6 3. Nc3 Bg7 4. e4 d6 5. Nf3 0-0 6. Be2 e5 7. 0-0 Nc6 8. d5 Ne7 9. Ne1 Nd7 10. Nd3 f5 11. Bd2 Nf6 12. f3 f4 13. c5 g5 14. Rc1 Ng6 15. cxd6 cxd6 16. Nf2 Rf7 17. Nb5 h5 18. h3 Bf8 19. Rc3 Ne8 20. Qc2 a6 21. Rc1 Bd7 22. Nc7 Nxc7 23. Rxc7 Rb8 24. Qb3 Nh4 25. Ba5 b6 26. Bxb6 Ba4 27. Rxf7 Rxb6 28. Rxf8+ 1-0